Online
Catalog

Estados de excepción en la República Dominicana : (Record no. 57348)

MARC details
000 -CABECERA
campo de control de longitud fija 01814nam a2200313 i 4500
003 - IDENTIFICADOR DEL NÚMERO DE CONTROL
campo de control DO-SdBNP
005 - FECHA Y HORA DE LA ÚLTIMA TRANSACCIÓN
campo de control 20250120115839.0
006 - CÓDIGOS DE INFORMACIÓN DE LONGITUD FIJA--CARACTERÍSTICAS DEL MATERIAL ADICIONAL
campo de control de longitud fija a||||gr|||| 00| 0
007 - CAMPO FIJO DE DESCRIPCIÓN FÍSICA--INFORMACIÓN GENERAL
campo de control de longitud fija ta
008 - DATOS DE LONGITUD FIJA--INFORMACIÓN GENERAL
campo de control de longitud fija 240724e2022 rd ad||| |||| 00| e spa d
020 ## - NÚMERO INTERNACIONAL ESTÁNDAR DEL LIBRO
Número Internacional Estándar del Libro 9789993466451
040 ## - FUENTE DE LA CATALOGACIÓN
Centro catalogador/agencia de origen DO-SdBNP
Lengua de catalogación spa
Centro/agencia transcriptor BNPHU
Normas de descripción rda
082 #4 - NÚMERO DE LA CLASIFICACIÓN DECIMAL DEWEY
Número de edición 22
Número de documento/Ítem N682e 2022
100 1# - ENTRADA PRINCIPAL--NOMBRE DE PERSONA
Nombre de persona Gil Nieves, Johnny F.
Término indicativo de función/relación autor
9 (RLIN) 86160
245 10 - MENCIÓN DE TÍTULO
Título Estados de excepción en la República Dominicana :
Resto del título declaratoria de estado de emergencia ante el COVID- 19 /
Mención de responsabilidad, etc. Johnny F. Nieves Gil; prólogo, Hermógenes Acosta de los Santos; presentación, Milton Ray Guevara.
250 ## - MENCIÓN DE EDICIÓN
Mención de edición Segunda edición.
264 #1 - PRODUCCIÓN, PUBLICACIÓN, DISTRIBUCIÓN, FABRICACIÓN Y COPYRIGHT
Producción, publicación, distribución, fabricación y copyright Santo Domingo :
Nombre del de productor, editor, distribuidor, fabricante EDUPROGRESO,
Fecha de producción, publicación, distribución, fabricación o copyright 2022
300 ## - DESCRIPCIÓN FÍSICA
Extensión 320 páginas :
Otras características físicas ilustraciones, gráficas ;
Dimensiones 23 cm.
336 ## - TIPO DE CONTENIDO
Fuente rdacontent
Término de tipo de contenido texto
Código de tipo de contenido txt
337 ## - TIPO DE MEDIO
Fuente rdamedia
Nombre/término del tipo de medio sin mediación
Código del tipo de medio n
338 ## - TIPO DE SOPORTE
Fuente rdacarrier
Nombre/término del tipo de soporte volumen
Código del tipo de soporte nc
500 ## - NOTA GENERAL
Nota general Incluye datos biográficos del autor en las solapas de las cubiertas.
504 ## - NOTA DE BIBLIOGRAFÍA, ETC.
Nota de bibliografía, etc. Bibliografía: páginas 289- 303
505 ## - NOTA DE CONTENIDO CON FORMATO
Nota de contenido con formato Presentación /
Mención de responsabilidad Dr. MIlton Ray Guevara.--
Información miscelánea Prólogo /
Mención de responsabilidad Dr. Hermógenes Acosta de los Santos.--
Información miscelánea Comentario /
Mención de responsabilidad Lic. Edaurdo Jorge Prats.--
Información miscelánea Introducción.--
Título Capítulo I. Aspectos teóricos de los estados de excepción.--
-- Capítulo II. Estado de excepción.--
-- Capítulo III. Declaratoria de estado de emergencia ante el COVID -19 en la República Dominicana
-- Capítulo IV. Estudio sobre la normativa de los estados de excepción y su aplicación en la declaratoria de estado de emergencia ante el COVID- 19 en la República Dominicana.--
-- Conclusiones.--
-- Recomendaciones.--
-- Referencias.--
-- Anexos.
590 ## - NOTA LOCAL (RLIN)
Nota local Inventariado 2024 / MF
700 1# - PUNTO DE ACCESO ADICIONAL--NOMBRE DE PERSONA
Nombre de persona Acosta de los Santos, Hermógenes
Término indicativo de función/relación prólogo
9 (RLIN) 49375
700 1# - PUNTO DE ACCESO ADICIONAL--NOMBRE DE PERSONA
Nombre de persona Milton Ray Guevara,
Fechas asociadas al nombre 1948-
9 (RLIN) 78143
Término indicativo de función/relación presentación
942 ## - ELEMENTOS DE PUNTO DE ACCESO ADICIONAL (KOHA)
Fuente del sistema de clasificación o colocación Dewey Decimal Classification
Tipo de ítem Koha Libro
Holdings
Estado de retiro Estado de pérdida Fuente del sistema de clasificación o colocación Restricciones de uso No para préstamo Código de colección Localización permanente Ubicación/localización actual Ubicación en estantería Fecha de adquisición Fuente de adquisición Total de préstamos Signatura topográfica completa Código de barras Fecha visto por última vez Precio válido a partir de Tipo de ítem Koha Nota pública Número de copia
    Dewey Decimal Classification Excluido de préstamo   Patrimonio Dominicano Biblioteca Nacional Pedro Henríquez Ureña Biblioteca Nacional Pedro Henríquez Ureña En catalogación 06.06.2024 Depósito Legal   N682e 2022 2024-4578 24.07.2024 24.07.2024 Libro Ejemplar autografiado por el autor  
    Dewey Decimal Classification Excluido de préstamo   Patrimonio Dominicano Biblioteca Nacional Pedro Henríquez Ureña Biblioteca Nacional Pedro Henríquez Ureña En catalogación 06.06.2024 Depósito Legal   N682e 2022 2024-4579 24.07.2024 24.07.2024 Libro Ejemplar autografiado por el autor e.2
    Dewey Decimal Classification Préstamo en sala   Dominicana de Servicio Biblioteca Nacional Pedro Henríquez Ureña Biblioteca Nacional Pedro Henríquez Ureña En catalogación 06.06.2024 Depósito Legal   N682e 2022 2024-4580 24.07.2024 24.07.2024 Libro Ejemplar autografiado por el autor e.3

Powered by Koha